Forestry Commission reorganisation (Record no. 13983)

MARC details
000 -LEADER
fixed length control field 01007cab a2200229 4500
001 - CONTROL NUMBER
control field WB2741-40
008 - FIXED-LENGTH DATA ELEMENTS--GENERAL INFORMATION
fixed length control field 090401t1991 xxu||||| |||| 00| 0 eng d
035 ## - SYSTEM CONTROL NUMBER
System control number (Sirsi) u20859
041 ## - LANGUAGE CODE
Language code of text/sound track or separate title eng
245 ## - TITLE STATEMENT
Title Forestry Commission reorganisation
260 ## - PUBLICATION, DISTRIBUTION, ETC.
Date of publication, distribution, etc. 1991
350 ## - PRICE (NR) (BK AM CF MU VM SE) [OBSOLETE]
Price 0
490 ## - SERIES STATEMENT
Series statement Forestry Commission News
Volume/sequential designation (235) 22 October 1991 (6)
520 ## - SUMMARY, ETC.
Summary, etc. Gives details of Forestry Commission restructuring coming into effect from 1 April 1992. Main changes include the setting up of Forest Enterprise to manage the Commissions`s forest estate and the establishment of the Forestry Authority to administer the Woodland Grant scheme, carry out forestry research and well as regulating and monitoring standards. Lists key senior staff appointments. Maps show geographical boundaries of new structure.
650 ## - SUBJECT ADDED ENTRY--TOPICAL TERM
Topical term or geographic name entry element FOREST ENTERPRISE
650 ## - SUBJECT ADDED ENTRY--TOPICAL TERM
Topical term or geographic name entry element FORESTRY AUTHORITY
650 ## - SUBJECT ADDED ENTRY--TOPICAL TERM
Topical term or geographic name entry element FORESTRY COMMISSION
650 ## - SUBJECT ADDED ENTRY--TOPICAL TERM
Topical term or geographic name entry element RESTRUCTURE
690 ## - LOCAL SUBJECT ADDED ENTRY--TOPICAL TERM (OCLC, RLIN)
Topical term or geographic name as entry element RURAL PRACTICE
942 ## - ADDED ENTRY ELEMENTS (KOHA)
Suppress in OPAC 0
948 ## - LOCAL PROCESSING INFORMATION (OCLC); SERIES PART DESIGNATOR (RLIN)
c (OCLC) 04/03/1997
Holdings
Withdrawn status Lost status Source of classification or shelving scheme Damaged status Not for loan Home library Current library Shelving location Date acquired Total Checkouts Full call number Barcode Date last seen Copy number Price effective from Koha item type
    Dewey Decimal Classification     London London News article 14/09/1999   WB2741-40 20859-1001 06/08/2019 1 06/08/2019 News article